000 00902nam a2200265 a 4500
001 000038587
003 DO-SdBNP
005 20240302073950.0
007 ta
008 090819s1992 dr ab 000 0 spa d
040 _aDO-SdBNP
_bspa
_cBNPHU
082 4 _a330.97293
_bC343h, 1992
_222
100 1 _aCassá, Roberto,
_d1948-
_910888
245 1 0 _aHistoria social y económica de la República Dominicana /
_cRoberto Cassá.
250 _a11a. ed.
260 _aSanto Domingo :
_bAlfa & Omega,
_c1992.
300 _av. :
_bil., retrs. . ;
_c27 cm.
500 _aLa biblioteca posee v. 2
504 _aBibliografía : p. 335-339
651 4 _aRepública Dominicana
_xCondiciones económicas
_9281
651 4 _aRepública Dominicana
_xCondiciones sociales
_946
651 4 _aRepública Dominicana
_xPoblación
_xHistoria
_91456
651 4 _aRepública Dominicana
_xHistoria
_9170
942 _2ddc
_cLBS1
999 _c38077
_d38077